000 00419nam a2200157 i 4500
001 bg
100 1 _aCIEŚLICKI, Krzysztof
245 0 _aZbiór zadań z podstaw elektrotechniki /
_cK. Cieślicki, A. Syrzycki.
260 _aWarszawa,
_c1991.
700 1 _aSYRZYCKI, Andrzej
040 _cBPK
041 _apol
080 _a621.3:537.2:537.3](075.8)(076)
942 _cKS
008 s pl f |000 0 pol
999 _c5390
_d5390
856 _uhttp://koha.tu.koszalin.pl/cgi-bin/koha/opac-detail.pl?biblionumber=5390
_yKatalog online BPK